• 首页
  • 本馆介绍
  • 公告通知
  • 最新文献
  • 馆藏检索
  • 电子资源
  • 读者导购
  • 参考咨询
  • 我的图书馆
  • 登录
  • 详细信息显示
  • 放入我的书架
  • 预约/预借图书
  • 作者相关作品
  • 分类相关作品
  • 丛书相关作品
  • 出版社相关作品

书目信息

  • 表格格式
  • 工作单格式
  • 卡片格式
题名:
体育
    
 
作者: 韩清林 主编
分册: 第一册  
出版信息: 石家庄   河北教育出版社  1997
页数: 98页
开本: 20cm
丛书名:
单 册:
中图分类: G8
科图分类:
主题词: 体育
电子资源:
ISBN: 7-5434-1864-9
000 00656nam0 2200253 45
001 0184005748
005 20070618142325.07
010    @a7-5434-1864-9@dCNY2.70
100    @a19951027d1997 em y0chiy0121 ea
101 0  @achi
102    @aCN@b310000
102    @aCN@b130000
105    @ay z 000yy
200 10 @a体育@h第一册@f韩清林主编@Fhan qing lin zhu bian
205    @a2版
210    @a石家庄@c河北教育出版社@d1997
215    @a98页@d20cm
300    @a河北省初级中学课本
606    @a体育
690    @aG8@v3
701  0 @a韩清林@Ahan qing lin@4主编
801  0 @aCN@bTSSF@c20070618
801  2 @aCN@bNLC@c20070612
905    @a10447@dG8@e260:1=2
    
    体育.第一册/韩清林主编.-2版.-石家庄:河北教育出版社,1997
    98页;20cm
    河北省初级中学课本
    
    ISBN 7-5434-1864-9:CNY2.70
    
●
相关链接 在E读中查询图书 在五车中查询图书 在当当中查询图书 在豆瓣中查询图书


正题名:体育     索取号:G8/260:1=2         预约/预借

序号 登录号 条形码 馆藏地/架位号 状态 备注
1 0631822   206318224   第一样本阅览室/ [索取号:G8/260:1=2] 在馆    
2 0654922   206549225   库房3/ [索取号:G8/260:1=2] 在馆    
唐山师范学院图书馆 欢迎您!
大连网信软件有限公司© 版权所有